Statistiques concernant Indicatif téléphonique de France version simplifiée

Cliquez ici pour prendre le quiz!

Statistiques générales

  • Ce quiz a été pris 88 fois
  • Le résultat moyen est 32 sur 100

Statistiques - réponses

DépartementIndicatif% Correct
59-Nord20
45%
62-Pas-de-calais21
45%
14-Calvados31
45%
16- Charente45
45%
17- Charente-Maritime46
45%
79- Deux-Sèvres49
45%
80- Somme22
40%
02-Aisne 23
40%
52-Haute-Marne25
40%
49-Maine-et-Loire41
40%
18- Cher48
40%
23- Creuse55
40%
19-Corrèze55
40%
87- Haute-Vienne55
40%
12- Aveyron65
40%
51-Marne
26
40%
08- Ardennes24
35%
10- Aube25
35%
59-Nord27
35%
59-Nord28
35%
88- Vosges29
35%
44-Loire-Atlantique40
35%
60-Oise44
35%
33- Gironde56
35%
33- Gironde57
35%
40-Landes58
35%
64-Pyrénées-Atlantique59
35%
09- Ariège61
35%
31- Haute-Garonne61
35%
32- Gers62
35%
65- Hautes-Pyrénées62
35%
31- Haute-Garonne62
35%
46-Lot
65
35%
21- Côte-d'Or80
35%
25- Doubs81
35%
39-Jura84
35%
70- Haute-Saône84
35%
90- Territoire de Belfort84
35%
71- Saône-et-Loire85
35%
89- Yonne86
35%
58-Nièvre86
35%
35- Ille-et-Vilaine99
35%
27- Eure32
30%
50-Manche33
30%
61-Orne33
30%
76- Seine-Maritime35
30%
28-Eure-et-Loir37
30%
45-Loiret38
30%
37-Indre-et-Loire47
30%
86- Vienne49
30%
85- Vendée51
30%
24- Dordogne53
30%
41-Loir-et-Cher
54
30%
36- Indre54
30%
82- Tarn-et-Garonne63
30%
81- Tarn63
30%
48-Lozère66
30%
34-Hérault67
30%
26- Drôme75
30%
07- Ardèche75
30%
54-Meurthe-et-Moselle82
30%
57-Moselle82
30%
54-Meurthe-et-Moselle83
30%
57-Moselle87
30%
67- Bas-Rhin88
30%
68- Haut-Rhin89
30%
83-Var94
30%
2B-Haute-Corse95
30%
2A-Corse-du-Sud95
30%
22- Côtes-d'Armor96
30%
56-Morbihan97
30%
29- Finistère98
30%
55-Meuse
29
30%
53-Mayenne
43
30%
72- Sarthe
43
30%
47-Lot-et-Garonne
53
30%
13-Bouches-du-Rhône42
25%
74- Haute-Savoie50
25%
01-Ain50
25%
30-Gard66
25%
30-Gard67
25%
11-Aude68
25%
66- Pyrénées-Orientales68
25%
03-Allier70
25%
43-Haute-Loire71
25%
15- Cantal71
25%
69- Rhône
72
25%
63-Puy-de-Dôme73
25%
01-Ain74
25%
38-Isère74
25%
38-Isère76
25%
69- Rhône76
25%
42-Loire77
25%
73- Savoie79
25%
13-Bouches-du-Rhône90
25%
84- Vaucluse90
25%
13-Bouches-du-Rhône91
25%
06-Alpes-Maritimes92
25%
04-Alpes-de-Haute-Provence92
25%
05-Hautes-Alpes
92
25%

Distribution des résultats

Percentile par nombre de réponses

% des personnes avec chaque résultat

Votre développement - résultats

Vous n’avez pas pris ce quiz